|
|
|
|
| LEADER |
01621nam a22003137a 4500 |
| 001 |
45811 |
| 003 |
BD-DhAAL |
| 005 |
20260520173509.0 |
| 008 |
260519t20151993enkab||| |||| 00| 0 eng d |
| 020 |
|
|
|a 9780141979748
|
| 040 |
|
|
|a BD-DhAAL
|c BD-DhAAL
|
| 041 |
1 |
|
|a eng
|h jpn
|
| 082 |
0 |
4 |
|2 23
|a 952.04
|
| 100 |
1 |
|
|a Kerr, Alex,
|d 1952-
|e author,
|e translator.
|9 60905
|
| 240 |
1 |
0 |
|a Utsukushiki Nihon no zanzō.
|s English
|
| 245 |
1 |
0 |
|a Lost Japan :
|b last glimpse of beautiful Japan /
|c Alex Kerr ; Translated by Alex Kerr and Bodhi Fishman.
|
| 260 |
|
|
|a London :
|b Penguin Books,
|c 2015.
|
| 300 |
|
|
|a xv, 239 pages :
|b illustrations, maps ;
|c 20 cm
|
| 500 |
|
|
|a Originally published Lonely Planet, 1996.
|
| 526 |
8 |
|
|a AAL
|
| 541 |
1 |
|
|a Donated by Embassy of Japan in Bangladesh, Read Japan Project 2025, The Tokyo Foundation, supported by The Nippon Foundation.
|e 45811
|
| 546 |
|
|
|a Translated from the Japanese.
|
| 651 |
|
0 |
|a Japan
|x Civilization
|y 1945-
|9 60540
|
| 651 |
|
0 |
|a Japan
|x Description and travel.
|9 48846
|
| 700 |
1 |
|
|a Fishman, Bodhi,
|e translator.
|9 60906
|
| 852 |
1 |
|
|a Ayesha Abed Library
|c General Stacks
|
| 942 |
|
|
|2 ddc
|c BK
|
| 999 |
|
|
|c 47993
|d 47993
|
| 952 |
|
|
|0 0
|1 0
|2 ddc
|4 0
|6 952_040000000000000_KER
|7 0
|9 79240
|a BRACUL
|b BRACUL
|d 2026-05-19
|e Donated by Embassy of Japan in Bangladesh, Read Japan Project 2025, The Tokyo Foundation, supported by The Nippon Foundation.
|l 0
|o 952.04 KER
|p 3010045811
|r 2026-05-19
|t 1
|w 2026-05-19
|y BK
|x Donated copy received from Embassy of Japan in Bangladesh, Read Japan Project 2025, The Tokyo Foundation, supported by The Nippon Foundation on 08 April 2026; £10.00 Price available in the Book
|